<?xml version="1.0" encoding="UTF-8"?>
<record
    xmlns:xsi="http://www.w3.org/2001/XMLSchema-instance"
    xsi:schemaLocation="http://www.loc.gov/MARC21/slim http://www.loc.gov/standards/marcxml/schema/MARC21slim.xsd"
    xmlns="http://www.loc.gov/MARC21/slim">

  <leader>02651nam a2200337   4500</leader>
  <controlfield tag="001">114647</controlfield>
  <controlfield tag="003">DR-UNIBE</controlfield>
  <controlfield tag="005">20260513114518.0</controlfield>
  <controlfield tag="008">260513b2008    sp ||||| |||| 00| 0 spa d</controlfield>
  <datafield tag="020" ind1=" " ind2=" ">
    <subfield code="a">8483650614 </subfield>
  </datafield>
  <datafield tag="020" ind1=" " ind2=" ">
    <subfield code="a">9788483650615</subfield>
  </datafield>
  <datafield tag="040" ind1=" " ind2=" ">
    <subfield code="a">BIBLIOTECA UNIBE</subfield>
    <subfield code="b">spa</subfield>
    <subfield code="c">BIBLIOTECA UNIBE</subfield>
  </datafield>
  <datafield tag="041" ind1=" " ind2=" ">
    <subfield code="a">spa</subfield>
  </datafield>
  <datafield tag="082" ind1=" " ind2=" ">
    <subfield code="2">22</subfield>
    <subfield code="a">305.4869709581 R696e</subfield>
  </datafield>
  <datafield tag="100" ind1="1" ind2="0">
    <subfield code="9">204915</subfield>
    <subfield code="a">Rodr&#xED;guez-Turner, Deborah</subfield>
    <subfield code="e">autor</subfield>
  </datafield>
  <datafield tag="100" ind1="1" ind2="0">
    <subfield code="9">204916</subfield>
    <subfield code="a">Ohlson, Kristin,</subfield>
    <subfield code="d">1951-</subfield>
    <subfield code="e">autor</subfield>
  </datafield>
  <datafield tag="240" ind1="1" ind2="0">
    <subfield code="a">Kabul beauty school.</subfield>
    <subfield code="l">Espa&#xF1;ol</subfield>
  </datafield>
  <datafield tag="245" ind1="1" ind2="0">
    <subfield code="a">Escuela de belleza de Kabul /</subfield>
    <subfield code="c">Deborah Rodr&#xED;guez-Turner, Kristin Ohlson</subfield>
  </datafield>
  <datafield tag="250" ind1=" " ind2=" ">
    <subfield code="a">Primera edici&#xF3;n</subfield>
  </datafield>
  <datafield tag="260" ind1=" " ind2=" ">
    <subfield code="a">Madrid :</subfield>
    <subfield code="b"> Suma de Letras :</subfield>
    <subfield code="b">Santillana Ediciones Generales, S.A.,</subfield>
    <subfield code="c">2008</subfield>
  </datafield>
  <datafield tag="300" ind1=" " ind2=" ">
    <subfield code="a">356 p&#xE1;ginas ;</subfield>
    <subfield code="c">25 cm</subfield>
  </datafield>
  <datafield tag="500" ind1=" " ind2=" ">
    <subfield code="a">Traducci&#xF3;n de: Kabul beauty school</subfield>
  </datafield>
  <datafield tag="520" ind1="3" ind2=" ">
    <subfield code="a">Tras la ca&#xED;da del r&#xE9;gimen talib&#xE1;n, Deborah Rodr&#xED;guez, peluquera y madre de dos hijos, viaj&#xF3; a Afganist&#xE1;n como parte de un grupo de ayuda humanitaria. Una vez all&#xED;, no sab&#xED;a muy bien lo que ella podr&#xED;a ofrecer a este pa&#xED;s destrozado por la guerra. Pero pronto descubri&#xF3; que su profesi&#xF3;n, m&#xE1;s que un obst&#xE1;culo, era una bendici&#xF3;n, y en cuanto se corri&#xF3; la voz de que una peluquera hab&#xED;a llegado a Kabul, todos, occidentales y afganos, quer&#xED;an pedir cita para un buen corte de pelo. Y as&#xED; naci&#xF3; la idea... Con la ayuda de empresas y patrocinadores internacionales, la Escuela de Belleza de Kabul, con Rodr&#xED;guez al mando, imparti&#xF3; su primera clase en 2003. Un lugar este en el que superar las barreras culturales y los retos que ofrec&#xED;a un pa&#xED;s en posguerra. Un lugar que se convirti&#xF3; en refugio para unas mujeres que no s&#xF3;lo aprendieron a peinar y a maquillar, sino tambi&#xE9;n a abrir su coraz&#xF3;n y a compartir sus incre&#xED;bles y, a veces, enternecedoras historias. Fue as&#xED; como esta peluquera norteamericana encontr&#xF3; fuerzas para romper con un matrimonio enfermizo y encontrar un nuevo amor, esta vez al estilo afgano. Con cari&#xF1;o y humor, Deborah Rodr&#xED;guez detalla la exuberancia de una regi&#xF3;n aparentemente desolada y revela la magnificencia que hay detr&#xE1;s del burka en esta conmovedora historia real.</subfield>
  </datafield>
  <datafield tag="610" ind1="2" ind2="0">
    <subfield code="a">Kabul Beauty School</subfield>
    <subfield code="9">204918</subfield>
  </datafield>
  <datafield tag="650" ind1=" " ind2="7">
    <subfield code="2">lemb</subfield>
    <subfield code="a">Mujeres</subfield>
    <subfield code="z">Afganist&#xE1;n</subfield>
    <subfield code="z">Kabul</subfield>
    <subfield code="x">Vida social y costumbres</subfield>
    <subfield code="y">Siglo XXI</subfield>
    <subfield code="9">204926</subfield>
  </datafield>
  <datafield tag="650" ind1=" " ind2="7">
    <subfield code="2">lemb</subfield>
    <subfield code="a">Mujeres musulmanas </subfield>
    <subfield code="z">Afganist&#xE1;n</subfield>
    <subfield code="z">Kabul</subfield>
    <subfield code="x">Condiciones sociales</subfield>
    <subfield code="y">Siglo XXI</subfield>
    <subfield code="9">204927</subfield>
  </datafield>
  <datafield tag="650" ind1=" " ind2="7">
    <subfield code="2">lemb</subfield>
    <subfield code="a">Salones de belleza</subfield>
    <subfield code="x">Aspectos sociales</subfield>
    <subfield code="z">Afganist&#xE1;n</subfield>
    <subfield code="z">Kabul</subfield>
    <subfield code="9">204928</subfield>
  </datafield>
  <datafield tag="651" ind1=" " ind2="7">
    <subfield code="a">Kabul (Afganist&#xE1;n)</subfield>
    <subfield code="x">Vida social y costumbres</subfield>
    <subfield code="y">Siglo XXI</subfield>
    <subfield code="9">204922</subfield>
  </datafield>
  <datafield tag="700" ind1="1" ind2="0">
    <subfield code="9">204917</subfield>
    <subfield code="a">Murillo Fort, Isabel</subfield>
    <subfield code="e">traductor</subfield>
  </datafield>
  <datafield tag="942" ind1=" " ind2=" ">
    <subfield code="2">ddc</subfield>
    <subfield code="c">BK</subfield>
  </datafield>
  <datafield tag="999" ind1=" " ind2=" ">
    <subfield code="c">114647</subfield>
    <subfield code="d">114647</subfield>
  </datafield>
  <datafield tag="952" ind1=" " ind2=" ">
    <subfield code="0">0</subfield>
    <subfield code="1">0</subfield>
    <subfield code="2">ddc</subfield>
    <subfield code="7">0</subfield>
    <subfield code="8">GEN</subfield>
    <subfield code="a">Principal</subfield>
    <subfield code="d">2026-03-13</subfield>
    <subfield code="l">0</subfield>
    <subfield code="o">305.4869709581 R696e</subfield>
    <subfield code="p">260244</subfield>
    <subfield code="r">2026-05-13 11:42:29</subfield>
    <subfield code="t">Ej. 1</subfield>
    <subfield code="w">2026-05-13</subfield>
    <subfield code="y">BK</subfield>
  </datafield>
</record>
